00910nam a2200241 a 450000100100000000500170001000800410002702000150006804000250008308200130010810000270012124000180014824501040016626000320027030000280030249000500033050400260038070000380040670000390044483000570048395201110054099900170065100004201020201002035901.0130902s1985 sp a 000 0 spa d a8434581728 aDO-SdBNPbspacBNPHU axxxbxxx1 aOsborne, Charles9283110aVerdilIngles10aVerdi /cCharles Osborne; prólogo, José Luis Tellez; traducción, Jesús Fernández Zulaica. aBarcelona :bSalvat,c1985. a197 p. :bil. ;c20 cm.1 aBiblioteca Salvat de grandes biografíasv27 aBibliografía p: 1971 aTellez, José Luiseprol.9689571 aFernández, Jesúsetrad.968958 0aBiblioteca Salvat de grandes biografíasv27942025 001050718MOaGRbGRcCTd2013-10-30iLF1l0oxxx xxxp42010-10r2020-06-25w2020-06-25y1ZNo se presta c41499d41499